000 01424nam a22002177a 4500
999 _c59426
_d59426
003 Ge_BSU
005 20230215130125.0
008 230215s2004 ge ||||| |||| 00| 0 geo d
041 _ageo
080 _a070 : 343.32](479.22) ა-27
100 _aადეიშვილი, ზურაბ
_915837
245 _aმედია და კანონი /
_c[რედ.: თამარ კინწურაშვილი, დავით ზურაბიშვილი].
264 _aთბილისი :
_bთავისუფლების ინ-ტი,
_c2004.
300 _a225გვ. ;
_b19 სმ.
653 _aსაქართველოს კანონმდებლობა სიტყვის თავისუფლების შესახებ
653 _aინფორმაციის თავისუფლება საქართველოში
653 _aსისხლისსამართლებრივი პასუხისმგებლობა კანონსაწინააღმდეგო ინფორმაციის გავრცელებისათვის. ჟურნალისტის სტატუსი
700 _aკინწურაშვილი, თამარ
_eრედაქტორი
_9238
700 _aზურაბიშვილი, დავით
_91692
942 _2udc
_cBK